Loading...
| Fine Arts - Classical Music | 0 | 10 | 0 | 0 | 100 | 54 | 80.20 | 4 | 9 | 28.53 | 50.00 |
| Literature - American | 0 | 9 | 0 | 1 | 90 | 64 | 98.11 | 0 | 4 | 23.63 | 36.25 |
| Literature - British | 0 | 9 | 0 | 1 | 90 | 40 | 76.67 | 2 | 8 | 34.58 | 50.42 |
| Literature - World | 0 | 8 | 0 | 0 | 80 | 53 | 79.63 | 2 | 6 | 27.96 | 46.67 |
| Literature - European | 0 | 8 | 0 | 0 | 80 | 33 | 88.88 | 3 | 5 | 24.71 | 41.67 |
| Science - Chemistry | 0 | 8 | 1 | 0 | 75 | 26 | 54.88 | 6 | 8 | 35.01 | 57.50 |
| Mythology | 0 | 6 | 0 | 0 | 60 | 62 | 73.67 | 0 | 6 | 20.97 | 34.17 |
| Fine Arts - Other | 0 | 5 | 0 | 1 | 50 | 74 | 106.80 | 0 | 2 | 6.80 | 13.33 |
| History - Other | 0 | 4 | 0 | 0 | 40 | 40 | 74.75 | 1 | 3 | 13.30 | 22.50 |
| Religion | 0 | 4 | 0 | 1 | 40 | 81 | 94.00 | 0 | 1 | 4.93 | 12.08 |
| Science - Physics | 0 | 4 | 0 | 0 | 40 | 30 | 55.75 | 1 | 2 | 17.92 | 16.67 |
| Fine Arts - Painting and Sculpture | 0 | 4 | 1 | 1 | 35 | 71 | 91.25 | 2 | 3 | 8.63 | 21.25 |
| History - World | 0 | 2 | 0 | 0 | 20 | 66 | 95.00 | 0 | 0 | 4.98 | 5.00 |
| Social Science | 0 | 2 | 0 | 1 | 20 | 98 | 107.50 | 0 | 1 | 1.58 | 6.67 |
| Science - Biology | 0 | 1 | 0 | 0 | 10 | 72 | 72.00 | 0 | 1 | 3.12 | 4.17 |
| Science - Other | 0 | 1 | 0 | 0 | 10 | 71 | 71.00 | 0 | 1 | 3.40 | 5.00 |
| Philosophy | 0 | 1 | 0 | 0 | 10 | 120 | 120.00 | 0 | 0 | 1.14 | 1.67 |
| History - American | 0 | 0 | 0 | 0 | 0 | 0.00 | 0 | 0 | 0.00 | 0.00 |